| 000 | 00597cam a2200229ua 4500 | ||
|---|---|---|---|
| 001 | 10181 | ||
| 008 | 170925n ii |||gr||||Z||||||asm | ||
| 020 | _a9789382030188 | ||
| 040 | _cMAIN | ||
| 041 | _aasm | ||
| 082 | _a370.15 | ||
| 100 |
_aBora, Swapnali, _eAuthor. |
||
| 245 |
_aEducational psychology (A) _cBy Swapnali Bora and others |
||
| 250 | _a1st ed. | ||
| 260 |
_aJorhat: _bUnika prakashan, _c2012. |
||
| 300 | _a216p. | ||
| 653 | _aEducation | ||
| 700 |
_aGogoi, Bondipa, _eAuthor. |
||
| 700 |
_aBordoloi, Pompi, _eAuthor. |
||
| 700 |
_aDutta, Ujjal Kumar, _eAuthor. |
||
| 942 | _cBK | ||
| 999 |
_c9178 _d9178 |
||